000 01596nam a2200361 a 4500
001 ebr10428816
003 CaPaEBR
006 m u
007 cr cn|||||||||
008 100709s2010 enka sb 001 0 eng d
010 _z 2010280892
020 _z9781848852983 (hardback)
020 _z1848852983 (hardback)
040 _aCaPaEBR
_cCaPaEBR
035 _a(OCoLC)682282778
043 _aa-tu---
050 1 4 _aHJ8770.7
_b.B57 2010eb
082 0 4 _a336.3435095609034
_222
100 1 _aBirdal, Murat.
245 1 4 _aThe political economy of Ottoman public debt
_h[electronic resource] :
_binsolvency and European financial control in the late nineteenth century /
_cMurat Birdal.
260 _aLondon ;
_aNew York :
_bTauris Academic Studies ;
_aNew York :
_bDistributed in the USA by Palgrave Macmillan,
_c2010.
300 _axviii, 232 p. :
_bill.
490 1 _aLibrary of Ottoman studies ;
_v18
504 _aIncludes bibliographical references (p. [213]-223) and index.
533 _aElectronic reproduction.
_bPalo Alto, Calif. :
_cebrary,
_d2013.
_nAvailable via World Wide Web.
_nAccess may be limited to ebrary affiliated libraries.
650 0 _aDebts, External
_zTurkey
_xHistory
_y19th century.
650 0 _aDebts, Public
_zTurkey
_xHistory
_y19th century.
651 0 _aTurkey
_xEconomic conditions
_y1288-1918.
655 7 _aElectronic books.
_2local
710 2 _aebrary, Inc.
830 0 _aLibrary of Ottoman studies ;
_vv. 18.
856 4 0 _uhttp://site.ebrary.com/lib/rucke/Doc?id=10428816
_zAn electronic book accessible through the World Wide Web; click to view
999 _c232590
_d232590